Statistics for Historical Timeline of Mongolia

Click here to take the quiz!

General Stats

  • This quiz has been taken 30 times
  • The average score is 9 of 13

Answer Stats

YearHintAnswer% Correct
1206M_____ EmpireMongol Empire
91%
1000Khamag M_____Khamag Mongol
91%
1388M_____ / Oirat TribesMongol / Oirat Tribes
91%
744Uygh__ KhaganateUyghur Khaganate
83%
1924M________ People's RepublicMongolian People's Republic
83%
1271M_____ (Yu__) DynastyMongol (Yuan) Dynasty
78%
1368Northern Yu__ DynastyNorthern Yuan Dynasty
78%
1635Man___ (Qing) DynastyManchu (Qing) Dynasty
78%
93Tuoba Xianbe_Tuoba Xianbei
65%
1911Bog_ KhaanateBogd Khaanate
48%
330Rour__ KhaganateRouran Khaganate
43%
552Tur___ KhaganateTurkic Khaganate
43%
907Khi___ (Liao) DynastyKhitan (Liao) Dynasty
30%

Score Distribution

Percentile by Number Answered

Percent of People with Each Score

Your Score History

You have not taken this quiz